L'Aveyron en images - Statistiques

Statistiques générales
  • Ce quiz a été pris 210 fois
  • Le résultat moyen est 12 sur 18
Statistiques - réponses
Par images Hint Réponse % Correct
Ville Rodez
98%
Pont Viaduc de Millau
96%
Plat typique Aligot saucisse
93%
Marque Laguiole
91%
Fromage Roquefort
90%
Citoyen d'honneur Zinédine Zidane
89%
Personnalité Cyril Lignac
84%
Peintre Pierre Soulages
79%
Spécialité culinaire Farçous
78%
Race locale Aubrac
77%
Sous-préfecture Villefranche de Rouergue
69%
Site touristique Gorges du Tarn
58%
Plateau Causse du Larzac
55%
Cathédrale Notre-Dame de Rodez
50%
Ville Decazeville
45%
Evènement Festival de feux d'artifices
27%
Lieu touristique Séverac-le-château
23%
Site touristique Grottes de Foissac
13%
Aucun quiz correspondant
Distribution des résultats
% des personnes avec chaque résultat
Percentile par nombre de réponses
Votre historique - résultats
Vous n’avez pas pris ce quiz